Statistics for Soviet countries

Click here to take the quiz!

General Stats

  • This quiz has been taken 12 times
  • The average score is 12 of 15

Answer Stats

HintAnswer% Correct
.Russia
100%
.Estonia
92%
.Lithuania
92%
.Belarus
83%
.Kazakhstan
83%
.Kyrgyzstan
83%
.Latvia
83%
.Moldova
83%
.Tajikistan
83%
.Ukraine
83%
.Armenia
75%
.Azerbaijan
75%
.Georgia
75%
.Turkmenistan
75%
.Uzbekistan
75%

Score Distribution

Percentile by Number Answered

Percent of People with Each Score

Your Score History

You have not taken this quiz